Представление документа в формате MARC21

Поле Инд. ПП Название Значение
Тип записи a
Библиографический уровень m
001 Контрольный номер RU\TPU\book\178176
005 Дата корректировки 20140703184819.6
008 Кодируемые данные 090902s2009 RU y g j 001 1 rus u
020 a ISBN 978-5-7695-5293-9
040 c Служба, преобразующая запись 63413507
d Организация, изменившая запись НБ ТвГУ
041 a Код языка текста rus
044 a Код страны публикации RU
080 a Индекс УДК 510.5(075.8)
2 Идентификатор издания 3
084 a Индекс другой классификации/Индекс ББК В127я73-1
090 a Полочн. индекс В127
x Авторский знак К 84
100 1_ a Автор Крупский Владимир Николаевич
q Полное имя Крупский В. Н.
245 a Заглавие Теория алгоритмов
b Продолж. заглавия учебное пособие для вузов, обучающихся по направлениям "Информатика и вычислительная техника", "Информационные системы и технологии"
260 a Место издания Москва
b Издательство Academia
c Дата издания 2009
300 a Объем 205, [1] с.
b Иллюстрации/ тип воспроизводства ил.
440 a Серия Университетский учебник
440 _0 a Серия Прикладная математика и информатика
504 a Библиография Библиогр.: с. 203
504 a Библиография Предметный указатель: с. 204
520 a Аннотация В учебном пособии изложены основы качественной и количественной теории алгоритмов; рассмотрены основные модели вычислений (машины Тьюринга, машины с неограниченными регистрами, рекурсивные функции) и связанные с ними подходы к формализации понятия алгоритма; даны начала алгоритмической теории множеств; представлены наиболее известные результаты об алгоритмической неразрешимости, а также элементы теории сложности вычислений. Для студентов высших учебных заведений. Может быть полезно широкому кругу читателей, интересующихся основами теории вычислимости.
653 a Ключевые слова Алгоритмы
a Ключевые слова Теория алгоритмов
a Ключевые слова Учебники для вузов
700 1_ a Другие авторы Плиско Валерий Егорович
q Полное имя Плиско, В. Е.
910 a гриф есть**
920 a Оператор Стру
930 a Новая/Ретро учебники
952 c Вид литературы К ру
954 a Дата поступления на обработку 20100324